000 00972nam a2200289Ia 4500
001 Para_9079
003 CHAP
008 220125s2005 xx 000 0 und d
010 _a207686
040 _cCHAP
090 _aPA TESIS 1937
100 _aVite Cayetano, Gabriel
_9120032
245 _aDetección de bacteris presentes en bublbos de tulipan (Tulipa sp.) importados en Holanda /
_c por Gabriel Vite Cayetano
260 _aChapingo, Méx. :
_b el autor
300 _a43 h.
502 _aTesis (Ing. Agr. Esp. en Parasitología Agrícola) -- UACh. Departamento Parasitología Agrícola
650 _aBacterias fitopatógenas
_99326
650 0 _aTulipanes
_xEnfermedades por bacterias
_9174197
710 _aUACh. Departamento Parasitología Agrícola
_9164025
901 _aPA TESIS 1937
902 _aA
905 _a0000002005 mx dn 0000000000sp 00
910 _a2005
942 _cPARA
942 _cPARA
_d2
999 _c207686
_d207686